Statistics for Minnesota Cities by Picture

Click here to take the quiz!

General Stats

  • This quiz has been taken 83 times
  • The average score is 7 of 12

Answer Stats

Answer% Correct
Minneapolis
97%
Duluth
93%
Saint Paul
92%
Bloomington
87%
Bemidji
75%
Rochester
69%
Austin
44%
Red Wing
30%
Saint Cloud
30%
Mankato
17%
Grand Marais
15%
Ely
14%

Score Distribution

Percentile by Number Answered

Percent of People with Each Score

Your Score History

You have not taken this quiz